Protecting biological diversity : (Registro nro. 18111)

Detalles MARC
000 -CABECERA
Campo de control 00910cam a2200229 i 4500
005 - FECHA Y HORA DE LA ULTIMA TRANSACCION
Campo de control 20160206121011.0
008 - ELEMENTOS DE LONGITUD FIJA—INFORMACION GENERAL
Campo de control 091104s2010 nyuab b 001 0 eng
020 ## - ISBN
ISBN 9780415872249
020 ## - ISBN
ISBN 0415872243
040 ## - FUENTE DE CATALOGACIÓN
Agencia catalogadora original DLC
Agencia transcriptora DLC
Agencia Modificadora YDX
-- YDXCP
-- CDX
-- BWX
-- DLC
-- CO-BoIAVH
041 0# - IDIOMA
Código de idioma para texto/pista de sonido o título separado Inglés
082 04 - NUMERO DE CLASIFICACION DECIMAL DEWEY
Número de clasificación 333.9516
Número del ítem R52p
100 1# - ASIENTO PRINCIPAL--NOMBRE PERSONAL
Nombre personal Richerzhagen, Carmen
9 (RLIN) 57529
245 10 - MENCION DE TITULO
Título Protecting biological diversity :
Parte restante del título the effectiveness of access and benefit-sharing regimes /
Mención de responsabilidad Carmen Richerzhagen.
260 ## - PUBLICACION, DISTRIBUCION, ETC. (PIE DE IMPRENTA)
Lugar de publicación, distribución, etc. New York :
Nombre del editor, distribuidor, etc. Routledge,
Fecha de publicación, distribución, etc. 2010.
300 ## - DESCRIPCION FISICA
Extensión xx, 245 páginas :
Otros detalles físicos ilustraciones y mapas ;
Dimensiones 24 cm.
490 00 - MENCION DE SERIE
Mención de serie Routledge studies in development and society ;
Designación numérica/secuencial del volumen 24
504 ## - NOTA DE BIBLIOGRAFIA, ETC.
Nota de bibliografía Incluye referencias bibliográficas e índice.
650 14 - ASIENTO SECUNDARIO DE MATERIA - TERMINO TEMATICO
Término temático o nombre geográfico como elemento de entrada Conservación de la diversidad biológica
Subdivisión general Aspectos económicos
9 (RLIN) 57530
650 24 - ASIENTO SECUNDARIO DE MATERIA - TERMINO TEMATICO
Término temático o nombre geográfico como elemento de entrada Recursos de germoplasma
Subdivisión general Aspectos económicos
9 (RLIN) 57531
942 ## - ELEMENTOS ADICIONALES (KOHA)
Sistema de clasificación Dewey Decimal Classification
Tipo de ítem Libro
Existencias
Withdrawn status Lost status Sistema de Clasificación Damaged status No para préstamo Colección Inventariado Ubicación Permanente Ubicación actual Fecha de adquisición Fuente de Valor Valor Total Checkouts Número topográfico Inventario / Código de Barras Date last seen Ejemplar Price effective from Tipo de material
    Dewey Decimal Classification     General Inventariado 2017 Bogotá Bogotá 06/02/2016 Instituto 39000.00   LB-333.9516 R52p 042205 06/02/2016 Ej. 1 06/02/2016 Libro